Zerteiltes Deutschland: Landeskirchen - Statistiken

Allgemein
  • Dieses Quiz wurde 35 mal gespielt
  • Das Durchschnittsergebnis liegt bei 15 aus 20
Antworten auf der Karte
Die Antworten werden auf der Karte rot bzw. grün angezeigt, abhängig davon wie oft sie richtig erraten wurden.
 
Antwortstatistiken
Landeskirche % Korrekt
Bremen
95%
Hannover
95%
Bayern
90%
Oldenburg
90%
Württemberg
90%
Baden
86%
Rheinland
86%
Rheinland
86%
Sachsen
86%
Pfalz
81%
Westfalen
81%
Anhalt
71%
Braunschweig
71%
Berlin-Brandenburg-schlesische Oberlausitz
62%
Schaumburg-Lippe
62%
Schaumburg-Lippe
62%
Hessen-Nassau
52%
Norddeutschland
52%
Mitteldeutschland
48%
Kurhessen-Waldeck
43%
Keine übereinstimmenden Quizze gefunden
Verteilung der Resultate
Anzahl Personen mit jedem Resultat
Perzentil nach korrekt beantworteten Fragen
Ihre Resultats-Entwicklung
Sie haben dieses Quiz noch nicht gespielt